Culture Générale - Série 2728 - Statistiques

Statistiques générales
  • Ce quiz a été pris 73 fois
  • Le résultat moyen est 4 sur 10
Statistiques - réponses
Question Réponse % Correct
Dans quel pays se trouve la cité d'Angkor Thom ? Cambodge
80%
De quelle ville française les Spinaliens sont-ils les habitants ? Epinal
76%
Quelle est la capitale de la Bosnie-Herzégovine ? Sarajevo
70%
Quel était le prénom de Tolstoï (1828-1910) ? Léon
65%
Comment appelle-t-on un apprenti-boulanger ? 6 lettres commençant par "m" mitron
44%
Dans "Le merveilleux voyage de Nils Holgersson" quel pays est survolé par ce dernier avec une colonie d'oies sauvages ? Suède
41%
Dans quel pays se trouve le pic d'Orizaba qui culmine à 5700 m ? Mexique
26%
Quel animal est parfois appelé loup-cervier ? lynx
15%
En 1962 a été découvert près de l'île de Vanikoro l'épave du bateau de La Pérouse qui s'appelait : "la ... Boussole
12%
Quel était le nom de plume de Charles Lutwidge Dodgson (1832-1898) ? Lewis Carroll
5%
Aucun quiz correspondant
Distribution des résultats
% des personnes avec chaque résultat
Percentile par nombre de réponses
Votre historique - résultats
Vous n’avez pas pris ce quiz